MDQL
is popping MORE tags! Check the
thread
!
Quizzes
Events
Quiz Creation
Community
Videos
Private Events
Remove Ads
Sign In
Join for FREE
Feedback
Dark Mode
Quiz Categories
Sports
Geography
Music
Movies
Television
Just For Fun
Miscellaneous
History
Literature
Language
Science
Gaming
Entertainment
Religion
Holiday
For Kids
Quiz Lab
Recent
Popular Today
Quiz Kudos Today
Editor Picks
Curator Picks
Quizzes by...
Day
Popularity
Type
Ratings
Length
Year
Community
Subscriptions
Recent Discussions
Orange Saloon
Badges
Playlists
Quests
Create
Leaderboards
Showdown
Live 5
Trivia Bingo
Activity
Puzzle Library
Sporcle Events
Private Events
Virtual Trivia
Globe League
Become a Host
Pub Owners
SporcleCon
Opinionation
Our Games
Videos
Blog
Mobile Apps
Partnerships
Remove Ads and Go Orange
Feedback
Movies
Disney
Marvel Cinematic Universe
Movie Resume
Movie Titles
Oscar
Actor
Actress
Director
Pixar
Role
Movie Quotes
Movie Characters
Box Office
Nominee
Best Picture
Star Wars
James Bond
Horror Movies
Movies
Disney
Marvel Cinematic Universe
Movie Resume
Movie Titles
Oscar
Actor
Actress
Director
Pixar
Role
Movie Quotes
Movie Characters
Box Office
Nominee
Best Picture
Star Wars
James Bond
Horror Movies
Random Quiz
Search Sporcle
×
Quiz Lab
Quiz Lab
Movies
Suicide Squad
Type in answers that appear in a list
Type in answers that appear in a list
Classic
Best Score? Go Orange.
Can you figure out all these Harley Quinn quotes Stats
Can you name all these Harley Quinn quotes?
By
Madison0908
18m
30 Questions
243 Plays
243 Plays
243 Plays
Comments
Comments
Give Quiz Kudos
Give Quiz Kudos
-
- Ratings
hide this ad
Random Order
Randomize order of answers
Randomize order of answers
Replay
Link that replays current quiz
Next Quiz
Link to next quiz in quiz playlist
You Got
0%
They Got
Avg Score
29%
Avg Friend Score
Upgrade to see
Score Distribution
Jump to the score distribution portion of the page
Score
0/30
Timer
18:00
0
Plays Today
Hint
Answer
% Correct
Love your perfume what is that the stench of
Death
60.1%
We're bad guys
Its what we do
58%
Im bored
Play with me
48.1%
im off my
meds
45.7%
Your cute you want me
Im all yours
43.6%
you ever been
In love
43.6%
hes ugly
on the outside
43.6%
Im known to be quite vexing
Im just forewarning you
38.3%
Huh what was that i should kill everyone and escape
Sorry the Voices
36.6%
Goody looks like a whole lot of people
Are about to die
35.8%
Stupid bats
Your ruining date night
35.4%
Come on puddin
do it
35%
He killed them
Didn't you
33.7%
What i got a
Hickey or Something
32.9%
Are you
The devil
29.6%
Hint
Answer
% Correct
Hey im cooperating
this is me being cool
24.7%
another
Textbook sociopath
23%
Normal is just a setting on the dryer
People like us dont get normal
22.6%
Puddin
I can't swim
22.2%
Im not much of a joiner
But maybe we should
21%
You got all
Dressed up for me
17.7%
we all are
except for him
16.9%
Aww
He's Embarrassed of us
15.6%
Jeez Im
Kidding thats not what they really said
14.4%
what you think was going to happen
Huh
14.4%
yeah
you are
13.6%
Um hey lady
I loss my puddin
13.6%
your so
screwed
13.6%
How about you hot stuff
Thats a good idea honey
11.5%
why whats wrong with me
you don't like me fine don't waste my time then
9.5%
Quiz Playlist
Details
Report
Send in Message
Add To Playlist
Classic:
Type in answers that appear in a list
Random Order:
Randomize order of answers
Last Updated: Apr 28, 2017
Quiz Scoreboard
CHALLENGE
Sign Up to Join the Scoreboard
Show All
Scores
Hide
Comments
May contain spoilers
Recently Published
1-10 Letter E Words III
by El_Dandy
Language
2m
Street Fighter Characters
by Artimus82
Gaming
60s
College Basketball Coaching Resumes
by pancakes188
Sports
9m
More to Explore
Quiz From the Vault
Featured Blog Post
Where Did the Easter Bunny Come From?
hide this ad
You Might Also Like...
Tags
Suicide Squad
Today's Top Quizzes in Movies
Browse Movies
hide this ad
Top Contributed Quizzes in Movies
1
Pick 5 Posters: Directed by Spielberg
2
7-to-1: Pixar Characters
3
Hidden Star Wars Character II
4
Pick 5 Posters: Lowest-Rated Spielberg
5
Hidden Star Wars Character III
6
Sorting Actors
7
Sorting Actresses
8
Hidden Star Wars Character IV
9
Pick 5 Posters: Directed by Scorsese
10
Hidden Star Wars Character V
Explore More
Trending Topics
NBA
Kpop
Disney
Harry Potter
Crossword
Anime
Marvel
WWE
NFL
Puzzle
The Office
Pokémon
Soccer
Song
Country
hide this ad
More By:
Madison0908
Quiz
Plays
Rating
Category
Featured
Created
Can you figure out all these Harley Quinn quotes
243
1.00
Movies
Mar 11, 2017
Go to Creator's Profile
Score Distribution
Quiz Creator Spotlight
Madison0908
Follow
Send a Message
Quizzes Created
-
Created Quiz Play Count
-
More By This Creator
Popular Quizzes Today
1
Find the US States - No Outlines Minefield
2
Find the Countries of Europe - No Outlines Minefield
3
The Countries of the World
4
Find the US States
5
Risky Map Clicking: Biggest States A-Z
6
US States
7
Popular People in 1961
8
Movies - When Are They Set?
More Movies Quizzes
Minimalist Movie Posters - Level 1
Editor's Pick
Trending Quizzes
Risky Map Clicking: Least Populous States A-Z
Billboard Blitz: Aretha Franklin
Famous Russians: Author or Composer?
1-10 Letter G Words
Countries of the World: 200 Million BC
Recently Updated
Leaping Animals
pecheneg
Reality TV Shows (A-Z)
bhenderson79
Rickey Henderson's Hall of Fame Teammates
pecheneg
Champions League XIs: Arsenal
pecheneg
Quick Pick: Celebrities in WWE's Hall of Fame
aduchscher
A-Z Keypad Blitz II
pecheneg
Multiple Oscar Actors
pecheneg
Mystery Phrase Blitz: Oscar 'Best Actors'
pecheneg
F. Scott Fitzgerald Novels
LTH
Pick 3 Villains
ddd62291
Trending Topics
Anime
Marvel
Harry Potter
NBA
Kpop
Crossword
Disney
NFL
Pokémon
Soccer
The Office
Country
Song
Puzzle
WWE
Your Account Isn't Verified!
In order to create a playlist on Sporcle, you need to verify the email address you used during registration. Go to your
Sporcle Settings
to finish the process.
Report this User
Report this user for behavior that violates our
Community Guidelines
.
Details:
Send Report
Go to the Sporcle.com Mobile Site →
Comments